La Pattuglia Del Tempo

Sábháilte in:
Sonraí bibleagrafaíochta
Príomhchruthaitheoir: Poul Anderson
Formáid: LEABHAR
Teanga:Teanga Anaithnid nó Neamhbhailí
Foilsithe / Cruthaithe: Urania Argento
Clibeanna: Cuir clib leis
Níl clibeanna ann, Bí ar an gcéad duine le clib a chur leis an taifead seo!

MARC

LEADER 00000nam a2200000Ia 4500
001 R-1730
003 CODICE-MESSINA
005 20260212102512.0
008 260211s9999 xx 000 0 und d
040 |c importazione_messina 
100 |a Poul Anderson 
245 0 |a La Pattuglia Del Tempo 
260 |b Urania Argento 
942 |2 ddc  |c BK 
952 |0 0  |1 0  |2 ddc  |4 0  |6 SCAFFALE_17_000000000000000__STANZA_2__LETTERATURA  |7 0  |9 32571  |a ME  |b ME  |d 2026-02-11  |l 0  |o SCAFFALE 17 - STANZA 2 - LETTERATURA  |p R-1730  |r 2026-02-11 23:53:16  |w 2026-02-11  |x [REVISIONARE]  |y BK 
999 |c 28238  |d 28238